| 000 | 00000cas 2200000zi 4500 |
| 001 | 9.958185 |
| 003 | CaOODSP |
| 005 | 20251211140418 |
| 006 | m o d f |
| 007 | cr ||||||||||| |
| 008 | 251201d1982198uoncux m o f0###b0fre|d |
| 022 | |a0714-3583 |
| 040 | |aCaOODSP|bfre|erda|cCaOODSP |
| 043 | |an-cn--- |
| 086 | 1 |aJS3-3F-PDF |
| 245 | 00|aImpact. |
| 264 | 1|a[Ottawa] : |bSoliciteur général Canada, Direction des programmes, |c1982-198u. |
| 310 | |aIrrégulier |
| 336 | |atexte|btxt|2rdacontent/fre |
| 337 | |ainformatique|bc|2rdamedia/fre |
| 338 | |aressource en ligne|bcr|2rdacarrier/fre |
| 362 | 1 |aParaît depuis: no. 1; ne paraît plus après: ?? |
| 500 | |aPublié aussi en anglais sous le titre : Impact. |
| 500 | |aÉdition numérisée de l'imprimé [par Sécurité publique Canada]. |
| 650 | 6|aJustice peĢnale|xAdministration|zCanada. |
| 650 | 6|aStatistiques criminelles|zCanada. |
| 710 | 1 |aCanada. |bSolliciteur général Canada, |eorganisme de publication. |
| 775 | 08|tImpact.|w(CaOODSP)9.958186 |